Calciatori francesi nella Squadra dell'anno UEFA - Statistics

Statistiche generali
  • Questo quiz è stato fatto 13 volte
  • Il punteggio medio è 8 su 13
Statistiche sulle risposte
Numero apparizioni Edizioni apparizioni Squadra Calciatore % Corretto
2 2001; 2002; 2003 Juventus / Real Madrid Zinédine Zidane
100%
4 2001; 2003; 2004; 2006 Arsenal Thierry Henry
90%
1 2016 Atlético Madrid Antoine Griezmann
80%
1 2001 Juventus David Trezeguet
80%
1 2018 Paris Saint-Germain Kylian Mbappé
80%
1 2015 Juventus Paul Pogba
80%
2 2008; 2013; Bayern Monaco Franck Ribéry
70%
1 2009 Manchester United Patrice Evra
70%
1 2001 Arsenal Patrick Vieira
50%
1 2001 Bayern Monaco Bixente Lizarazu
40%
1 2007 Olympique Lione / Barcellona Éric Abidal
40%
1 2018 Chelsea N'Golo Kanté
30%
1 2018 Real Madrid Raphaël Varane
30%
Nessun quiz corrispondente trovato
Distribuzione punteggi
Percentuale di utenti per punteggio
Percentile per numero di risposta
I tuoi punteggi nel tempo
Non hai fatto questo quiz